书目信息 |
| 题名: |
非洲通史
|
|
| 作者: | ;中国非洲史研究会《非洲通史》编写组 编 | |
| 分册: | ||
| 出版信息: | 北京 北京师范大学出版社 1984 |
|
| 页数: | 578页 | |
| 开本: | 21cm | |
| 丛书名: | ||
| 单 册: | ||
| 中图分类: | K400 | |
| 科图分类: | ||
| 主题词: | 历史-非洲 | |
| 电子资源: | ||
| ISBN: | ||
| 000 | 00745nam0 2200253 45 | |
| 001 | 0184012393 | |
| 005 | 20040512095855.1 | |
| 010 | @dCNY3.40 | |
| 091 | @a11243.15 | |
| 100 | @a19950323d1984 emky0chiy0121 ea | |
| 101 | 0 | @achi |
| 102 | @aCN@b110000 | |
| 105 | @ay z 000yy | |
| 106 | @ar | |
| 200 | 10 | @a非洲通史@Afei zhou tong shi@f中国非洲史研究会《非洲通史》编写组 |
| 210 | @a北京@c北京师范大学出版社@d1984 | |
| 215 | @a578页@d21cm | |
| 606 | @a历史-非洲 | |
| 607 | @a非洲-历史 | |
| 690 | @aK400@v3 | |
| 711 | 02 | @a中国非洲史研究会《非洲通史》编写组@Azhong guo fei zhou shi yan jiu hui《 fei zhou tong shi》 bian xie zu@4编 |
| 801 | 0 | @aCN@b上海图书馆@c20040512 |
| 801 | 2 | @aCN@bNLC@c20040512 |
| 905 | @f2@b140355-356@dK400@e5 | |
| 非洲通史/中国非洲史研究会《非洲通史》编写组.-北京:北京师范大学出版社,1984 |
| 578页;21cm |
| ISBN :CNY3.40 |
| ● |
| 相关链接 |
|
|
|
|
正题名:非洲通史
索取号:K400/5
 
预约/预借
| 序号 | 登录号 | 条形码 | 馆藏地/架位号 | 状态 | 备注 |
| 1 | 0140355 | 000359917 | 第二借阅区/ [索取号:K400/5] | 在馆 | |
| 2 | 0140356 | 000359855 | 第二借阅区/ [索取号:K400/5] | 在馆 |